000 00320nam a22001337a 4500
008 181009b xxu||||| |||| 00| 0 eng d
020 _a9780721668161
041 _aeng
080 _a612.39
100 _a10
101 _aNUT
245 _aStudy Guide for Food, Nutrition & Diet Therapy
_cLiskov, T.P
942 _2udc
_cBK
999 _c49208
_d49208